000 00606nam a2200193Ia 4500
003 OSt
005 20220926005939.0
006 a|||||r|||| 00| 0
007 ta
008 220923b |||||||| |||| 00| 0 eng d
037 _cGeneral Book
040 _aRTL
_cRTL
_beng
041 _2eng
_aeng
082 _aX415.2.N82 - N81r, M2/GD
245 0 _aAdvance Report of the Comptrdler and Auditor General of India for the year 1981-82
260 _a New Delhi
_bThe Controller of Publications
_c1981
942 _hX415.2.N82 - N81r, M2/GD
_cGB
_2CC
999 _c615856
_d615856